000 00303nam a2200133Ia 4500
100 _aSmith/C.O
942 _cBK
654 _aEngineering
245 _aThe Science of Engineering Materials
260 _bPrentice Hall of India
_aNewDelhi
_c1974
082 _a620.1
300 _a404
546 _aENGLISH
999 _c24073
_d24073